<?xml version="1.0" encoding="UTF-8"?>
<record
    xmlns:xsi="http://www.w3.org/2001/XMLSchema-instance"
    xsi:schemaLocation="http://www.loc.gov/MARC21/slim http://www.loc.gov/standards/marcxml/schema/MARC21slim.xsd"
    xmlns="http://www.loc.gov/MARC21/slim">

  <leader>00894cam a2200265Ia 45 0</leader>
  <controlfield tag="001">u157952</controlfield>
  <controlfield tag="003">SIRSI</controlfield>
  <controlfield tag="008">091217s2004    ua a     bm   000 0 eng d</controlfield>
  <datafield tag="040" ind1=" " ind2=" ">
    <subfield code="a">EAL</subfield>
  </datafield>
  <datafield tag="041" ind1=" " ind2=" ">
    <subfield code="a">eng</subfield>
    <subfield code="b">ara</subfield>
  </datafield>
  <datafield tag="090" ind1=" " ind2=" ">
    <subfield code="a">CD-1396</subfield>
  </datafield>
  <datafield tag="100" ind1="1" ind2=" ">
    <subfield code="a">Abd El- Latief,Jehan Ibrahim</subfield>
  </datafield>
  <datafield tag="245" ind1="1" ind2="0">
    <subfield code="a">Further studies on Yersinia ruckeri in fishes</subfield>
    <subfield code="h">[computer file]/</subfield>
    <subfield code="c"> Jehan Ibrahim  Abd El- Latief.</subfield>
  </datafield>
  <datafield tag="260" ind1=" " ind2=" ">
    <subfield code="c">2004.</subfield>
  </datafield>
  <datafield tag="300" ind1=" " ind2=" ">
    <subfield code="a">Computer laser optical disks;</subfield>
    <subfield code="c">4 3/4 in..</subfield>
  </datafield>
  <datafield tag="502" ind1=" " ind2=" ">
    <subfield code="a">thesis (Ph.D)  --Cairo University,2004.</subfield>
  </datafield>
  <datafield tag="504" ind1=" " ind2=" ">
    <subfield code="a">Includes bibliographical references (leaves 136-179).</subfield>
  </datafield>
  <datafield tag="538" ind1=" " ind2=" ">
    <subfield code="a">Systems requirments:Adobe Reader.</subfield>
  </datafield>
  <datafield tag="546" ind1=" " ind2=" ">
    <subfield code="a">Summary in Arabic.</subfield>
  </datafield>
  <datafield tag="650" ind1=" " ind2="0">
    <subfield code="a">Fishes</subfield>
    <subfield code="x">Diseases .</subfield>
  </datafield>
  <datafield tag="650" ind1=" " ind2="0">
    <subfield code="a">Bacterial diseases in fishes.</subfield>
  </datafield>
  <datafield tag="856" ind1="4" ind2="0">
    <subfield code="u">http://nile.enal.sci.eg/thesis/1396.pdf</subfield>
    <subfield code="z">Content &amp; Abstract</subfield>
  </datafield>
  <datafield tag="596" ind1=" " ind2=" ">
    <subfield code="a">1</subfield>
  </datafield>
  <datafield tag="942" ind1=" " ind2=" ">
    <subfield code="c">ETH</subfield>
    <subfield code="2">lcc</subfield>
  </datafield>
  <datafield tag="952" ind1=" " ind2=" ">
    <subfield code="0">0</subfield>
    <subfield code="1">0</subfield>
    <subfield code="2">lcc</subfield>
    <subfield code="4">0</subfield>
    <subfield code="7">0</subfield>
    <subfield code="a">ENAL</subfield>
    <subfield code="b">ENAL</subfield>
    <subfield code="d">2018-02-19</subfield>
    <subfield code="l">0</subfield>
    <subfield code="o">CD-1396</subfield>
    <subfield code="p">CD001396</subfield>
    <subfield code="r">2018-02-19 00:00:00</subfield>
    <subfield code="t">1</subfield>
    <subfield code="w">2018-02-19</subfield>
    <subfield code="y">ETH</subfield>
  </datafield>
  <datafield tag="999" ind1=" " ind2=" ">
    <subfield code="c">14902</subfield>
    <subfield code="d">14902</subfield>
  </datafield>
</record>
